Score 0/40 Timer 08:00
0 Plays Today
% Correct
PepsiCo
81.6%
Volkswagen
81.5%
Toyota
80.2%
Armani
77.6%
Fiat
75.9%
Hyundai
75.5%
Nintendo
75.5%
Samsung
74.1%
Renault
72.3%
BP
71.8%
Kraft
70.9%
Christian Dior
69.7%
Hudson's Bay Company
68%
Ferrero
67.5%
Nikon
67.1%
Citroën
66.2%
Daimler AG
65.2%
3M
62.4%
Mazda
61.4%
ExxonMobil
59.9%
% Correct
Bayer
58.5%
Rogers Communications
58.3%
Beretta
58.1%
ThyssenKrupp
55.1%
Panasonic
53.9%
LG
53.9%
P&G
53.5%
Blackberry
49.5%
Tesco
48%
HSBC
46.4%
Adidas
45.7%
TD Bank
39.6%
SK Group
38.3%
Bombardier
37.6%
BNP Paribas
37.4%
Parmalat
26%
AstraZeneca
25%
POSCO
18.7%
Ubisoft
16.2%
Diageo
14%
Remove Ads.
Support Sporcle.
Get the best of Sporcle when you Go Orange. This ad-free experience offers more features, more stats, and more fun while also helping to support Sporcle. Thank you for becoming a member.

You're not logged in!

Compare scores with friends on all Sporcle quizzes.
OR
Log In

Sporcle TV

Today on Sporcle TV


Watch our educational content, quiz creation guides, and fun videos on Sporcle TV.

Show Comments

Extras

Top Quizzes Today


Score Distribution

Paid Content

Your Account Isn't Verified!

In order to create a playlist on Sporcle, you need to verify the email address you used during registration. Go to your Sporcle Settings to finish the process.

Report this User

Report this user for behavior that violates our Community Guidelines.

Details: